Nuclear physics / (Record no. 184473)

000 -LEADER
fixed length control field 00945 a2200169 4500
003 - CONTROL NUMBER IDENTIFIER
control field Nust
005 - DATE AND TIME OF LATEST TRANSACTION
control field 20221202112314.0
040 ## - CATALOGING SOURCE
Transcribing agency Nust
082 ## - DEWEY DECIMAL CLASSIFICATION NUMBER
Classification number 539.7,GRE
100 ## - MAIN ENTRY--PERSONAL NAME
Personal name Green, Dr. Alex E. S.
9 (RLIN) 103994
245 ## - TITLE STATEMENT
Title Nuclear physics /
Statement of responsibility, etc. Dr. Alex E. S. Green
260 ## - PUBLICATION, DISTRIBUTION, ETC.
Place of publication, distribution, etc. London
Name of publisher, distributor, etc. McGraw-Hill
Date of publication, distribution, etc. 1955
300 ## - PHYSICAL DESCRIPTION
Extent xv, 535 p.
505 ## - FORMATTED CONTENTS NOTE
Formatted contents note Relativistic Dynamics And Review Of Atomic Physics (Page-1), Static Properties Of Nuclei (Page-35), Accelerators (Page-59), Precision Instruments And Methods (Page-91), Detectors And Nuclear Techniques (Page-124), Radioactivity (Page-175), Nuclear Reactions (Page-205), Systematic And Tendencies Of Nuclei (Page-244), Liquid Drop Model And Fission (Page-281), Quantum Mechanics And The Nucleaus (Page-317), Nuclear Periodic Table (Page-356), Nuclear Decay (Page-390), Theory Of Nuclear Reactions (Page-433), Nuclear Forces (Page-474).
650 ## - SUBJECT ADDED ENTRY--TOPICAL TERM
Topical term or geographic name entry element Nuclear physics
9 (RLIN) 259
942 ## - ADDED ENTRY ELEMENTS (KOHA)
Source of classification or shelving scheme
Koha item type Book
Call number prefix 539.7,GRE
Holdings
Withdrawn status Lost status Source of classification or shelving scheme Damaged status Not for loan Permanent Location Current Location Shelving location Date acquired Full call number Barcode Date last seen Price effective from Koha item type Public note
          Military College of Signals (MCS) Military College of Signals (MCS) General Stacks 12/12/2016 539.7,GRE MCS6390 12/08/2016 12/12/2016 Book Almirah No.16, Shelf No.6
© 2023 Central Library, National University of Sciences and Technology. All Rights Reserved.